Stadiums of 1966 FIFA World Cup with a Map - Statistics

General Stats
  • This quiz has been taken 25 times
  • The average score is 5 of 8
Answers on the Map
Answers color-coded by a green-red scale on the quiz's map according to % correct below.
 
Answer Stats
Stadium % Correct
Old Trafford
100%
Wembley Stadium
100%
Goodison Park
80%
Villa Park
75%
Hillsborough Stadium
50%
Ayresome Park
40%
Roker Park
40%
White City Stadium
35%
No matching quizzes found
Score Distribution
Percent of People with Each Score
Percentile by Number Answered
Your Score History
You have not taken this quiz